National Capitals by Letter - D - Statistics

General Stats
  • This quiz has been taken 287 times
  • The average score is 7 of 9
Answer Stats
Capital % Correct
Dakar
79%
Dhaka
79%
Dublin
76%
Djibouti
75%
Dili
72%
Dodoma
71%
Doha
71%
Damascus
69%
Dushanbe
68%
No matching quizzes found
Score Distribution
Percent of People with Each Score
Percentile by Number Answered
Your Score History
You have not taken this quiz